| 000 | 00601nam a2200229Ia 4500 | ||
|---|---|---|---|
| 008 | 160418s9999 xx 000 0 und d | ||
| 020 | _a971-584-482-0 | ||
| 050 | _aFIL PL 5548.4 | ||
| 050 | _b.R49 2006 | ||
| 100 | _aReyes, Edgardo M. | ||
| 245 | _aSa aking panahon : | ||
| 245 | _b13 piling katha at isa pa! / | ||
| 245 | _cEdgardo M. Reyes. | ||
| 260 | _aQuezon City: | ||
| 260 | _bC & E Pub. Inc., | ||
| 260 | _c2006 | ||
| 300 | _a213 pages : | ||
| 300 | _billustrations ; | ||
| 300 | _c22 cm. | ||
| 650 | _aPhilippine fiction (Tagalog). | ||
| 650 | _xShort stories, Philipines. | ||
| 999 |
_c293611 _d293611 |
||